00441nmm a2200145Ia 4500008004100000020001800041041000800059100002900067245002700096264005300123300001800176490002800194650002200222856005100244251105s9999||||xx |||||||||||||||||und|| a9788433917218 aspa aGarcia Morales, Adelaida 0aEl Sur seguido de Bene a[Madrid, España] :bEditorial Anagrama, c2017 a112 páginas aNarrativas hispánicas aSpanish narrative uhttps://public.digitaliapublishing.com/a/48971